000 00492nam a2200181Ia 4500
001 24669
005 20260414151059.0
008 260414t2016||||xx |||||||||||||| ||spa||
041 _aESP
082 _a345.721
_bM28
100 _aMatheus López, Carlos
_eAUT
245 0 _aLa independencia e imparcialidad del árbitro en el arbitraje doméstico e internacional
_b
260 _c2016
300 _a315 páginas :
_c20 cm.
650 _aDER
654 _aCDE
942 _cLIB
_dJUS
_fJUS
_2ddc
_n
999 _c24669
_d24669